Wszystkie grupy Polski na Mistrzostwach Europy w piłce nożnej (EURO) - Statystyki

Ogólne statystyki
  • Ten quiz został rozwiązany 1 483 razy
    699 od ostatniego zresetowania
  • Średni wynik to 14 z 15
Statystyki odpowiedzi
Rok % Poprawnych
2008 Austria
97%
2024 Austria
97%
2024 Francja
97%
2020 Hiszpania
97%
2024 Holandia
97%
2008 Niemcy
97%
2016 Niemcy
97%
2016 Ukraina
96%
2020 Słowacja
94%
2020 Szwecja
91%
2012 Grecja
90%
2012 Rosja
90%
2012 Czechy
88%
2016 Irlandia Północna
87%
2008 Chorwacja
70%
Nie znaleziono quizów pasujących do podanych kryteriów
Rozkład punktacji
Procent ludzi z każdym wynikiem
Percentyl według liczby udzielonych odpowiedzi
Twoja historia wyników
Nie rozwiązałeś tego quizu od ostatniego zresetowania